000 00601cam a22002411 4500
001 sa 67005006
003 DLC
005 20260227112353.0
008 950303s1966 ii 000 0 beno
010 _asa 67005006
025 _aPL480:EP-B-1159
035 _a(OCoLC)32083980
040 _aDLC
_cCU
_dCU
_dDLC
042 _apremarc
050 0 0 _aPN5378.B5
_bM8
245 1 0 _aMusalima Bāṃlā sāmaẏika patra.
260 _c[1966]
300 _a119 p.
_c25 cm.
500 _aIn Bengali.
650 0 _aBengali periodicals.
650 0 _aPress, Islamic
710 2 _aPakistan Publications.
999 _c74894
_d74894